banner koha

Tumor maligno da bainha perineural retrobulbar e intracraniano em cão: relato de caso (Registro n. 327767)

MARC details
000 -LÍDER
fixed length control field 03925nab a2200337 i 4500
003 - CÓDIGO MARC DA AGÊNCIA CATALOGADORA
Campo de controle BR-BrBNA
005 - DATA E HORA DA ÚLTIMA ATUALIZAÇÃO
Campo de controle 20240923135432.0
008 - CAMPO DE TAMANHO FIXO
fixed length control field 240923b2018 bl.|r|pooa||| 00| 0 por |
040 ## - FONTE DA CATALOGAÇÃO
Agência catalogadora BR-BrBNA
Idioma da catalogação por
072 ## - CATEGORIA AGRIS
Código AGRIS L73
Código do objeto 5400
072 ## - CATEGORIA AGRIS
Código AGRIS L70
100 ## - ENTRADA PRINCIPAL - NOME PESSOAL
Nome pessoal Bordini, C.G.G.
100 ## - ENTRADA PRINCIPAL - NOME PESSOAL
Nome pessoal Silva, E.O.
100 ## - ENTRADA PRINCIPAL - NOME PESSOAL
Nome pessoal Green, K.T.
100 ## - ENTRADA PRINCIPAL - NOME PESSOAL
Nome pessoal Souza, M.S.B.
100 ## - ENTRADA PRINCIPAL - NOME PESSOAL
Nome pessoal Santis, G.W.
100 ## - ENTRADA PRINCIPAL - NOME PESSOAL
Nome pessoal Zanutto, M.S.
245 ## - TÍTULO PRINCIPAL
Título principal Tumor maligno da bainha perineural retrobulbar e intracraniano em cão: relato de caso
500 ## - NOTA GERAL
Nota geral <br/>Publicação online; 28 ref.; 3 illus.; Summaries (En, Pt)
942 ## - ADDED ENTRY ELEMENTS (KOHA)
Koha item type Analítica
520 ## - NOTA DE RESUMO
Nota de conteúdo <br/><br/>RESUMO - Os tumores da bainha perineural são pouco frequentes em animais domésticos. Relata-se o caso de um cão, sem raça definida, de cinco anos, fêmea, com histórico de aumento de volume em região retrobulbar do globo ocular direito (GOD) havia três semanas. Ao exame clínico, constatou-se a presença de uma neoformação retrobulbar direita com deslocamento do globo ocular cranialmente. Aos exames realizados durante o internamento, não foi possível localizar a origem e a extensão da neoformação. O animal veio a óbito por parada cardiorrespiratória e foi encaminhado para a necropsia. À avaliação macroscópica, observou-se neoformação esbranquiçada fixada à base do crânio em região selar, com possível origem no terceiro (III) par de nervos cranianos, a qual se infiltrava no encéfalo na altura do hipotálamo, estendia-se caudalmente em direção ao tronco encefálico e cranialmente à órbita direita, comprimindo, assim, o GOD. Microscopicamente consistia de feixes curtos entrelaçados ou enovelados de células fusiformes com pleomorfismo discreto a moderado, alternando-se a áreas de necrose multifocalmente, compatível com tumor da bainha perineural. Ao exame imuno-histoquímico, apresentou marcação fraca para S100 e GFAP e marcação positiva para vimentina, o que indica caráter maligno.<br/><br/><br/>Palavras-chave: cão, neoplasia maligna, tumor da bainha perineural, bradicardia, síndrome de Horner
520 ## - NOTA DE RESUMO
Nota de conteúdo <br/><br/>ABSTRACT - Tumors of the perineural sheath are uncommon in domestic animals. We report the case of a 5-year-old female dog with a history of increased volume in the retrobulbar region of the right eye (RE) three weeks ago. The clinical examination revealed a presence of a right retrobulbar neoformation with cranial ocular globe displacement. In the examinations carried out during hospitalization, it was not possible to locate a source and an extension of the neoformation. The animal died of cardiorespiratory arrest and was referred to an autopsy. The macroscopic evaluation revealed a whitish neoformation fixated to the base of the skull in a seal region, with a possible non-III origin of cranial nerves, infiltrating nonencephalon at the height of the hypothalamus, extending caudally towards the brainstem and cranially to the orbit right, compressing RE. Microscopically it consisted of short bundles intertwined or enovelados of spindle cells with discrete to moderate pleomorphism, alternating to areas of multifocal necrosis, compatible with tumor of the perineural sheath. Immunohistochemical examination showed weak marking for S100 and GFAP and positive marking for vimentin, indicating malignancy.<br/><br/><br/>Keywords: dog, malignant neoplasm, perineural sheath tumor, bradycardia, Horner's syndrome
650 ## - ASSUNTO - THESAGRO
Cabeçalho tópico ou nome geográfico CÃO
650 ## - ASSUNTO - THESAGRO
Cabeçalho tópico ou nome geográfico TUMOR
650 ## - ASSUNTO - THESAGRO
Cabeçalho tópico ou nome geográfico DOENÇA ANIMAL
650 ## - ASSUNTO - THESAGRO
Cabeçalho tópico ou nome geográfico NEOPLASIA
650 ## - ASSUNTO - THESAGRO
Cabeçalho tópico ou nome geográfico VETERINÁRIA
773 0# - ENTRADA ANALÍTICA
Host Biblionumber 1643
Registro do item 344677
Imprenta Belo Horizonte-MG Universidade Federal de Minas Gerais - Escola de Veterinaria 1983
Outro identificador 2024-5011
Título Arquivo Brasileiro de Medicina Veterinária e Zootecnia (Brazil)
ISSN 0102-0935
Colação v. 70(5) p. 1355-1361; (2018)
Número de controle de registro BR2024002516
856 ## - ACESSO E ENDEREÇO ELETRÔNICO
Identificador uniforme de recurso - URI https://www.scielo.br/j/abmvz/a/GhQq6VhJGn48sb4S5Hd9v4L/?format=pdf&lang=pt

Nenhum exemplar disponível.

BINAGRI

Telefone: (61)3218-2567/2388/3357/2097 - binagri@agro.gov.br

Ministério da Agricultura e Pecuária , Esplanada dos Ministérios, Bloco D, Anexo B, Brasília/DF, CEP: 70.043-900